000
00343nam a2200157Ia 4500
100
_a
Shiv Kumar
650
_a
Thermal engineering
942
_c
BK
366
_f
27
245
_a
Fundamentals of Thermal Engineering
260
_b
Ane Books
_c
2012
082
_a
621.402
_b
SHI
300
_a
720
546
_a
ENGLISH
_c
Info.Tech
999
_c
30717
_d
30717